Кравата Мили (Запис номер 525034)
[ съкратено ]
| 000 -Лидер | |
|---|---|
| Лидер | 01135nam a2200301 a 4500 |
| 003 - Код на организацията, давaща контролен номер | |
| Код на организацията, даваща контролен номер | BLK |
| 005 - Дата и час на последна редакция | |
| Дата и час на последна редакция | 20250702113544.0 |
| 007 - Фиксирано поле за физическо описани | |
| Физическо описание | ta |
| 008 - Елементи от данни с фиксирана дължина | |
| Елементи с фиксирана дължина | 221104b bu |||||r|||| 00| | bu d |
| 020 ## - Международен стандартен номер на книга ISBN | |
| ISBN | 9786191999422 |
| 020 ## - Международен стандартен номер на книга ISBN | |
| ISBN | 3800083834632 |
| 040 ## - Източник на каталожния запис | |
| Код на библиотеката | BLK |
| 041 ## - Код за език | |
| Език | Български |
| Език за КДБФ | Български |
| 080 ## - УДК | |
| 9 (RLIN) | 235107 |
| УДК текст | Немска литература |
| УДК код | 821.112.2 |
| УДК – определител | -93 |
| УДК – код + определител | 821.112.2-93 |
| 084 ## - Класификационен индекс по друга класификация | |
| Авторски знак | Шеф - Ш 59 |
| 100 ## - Редна дума - Автор | |
| R(LIN) | 434925 |
| Автор | Шефлер, Аксел |
| 245 ## - Сведения за заглавието | |
| Заглавие | Кравата Мили |
| Авторска отговорност | Аксел Шефлер ; прев. Мария Донева |
| 260 ## - Област на издателските данни | |
| 9 (RLIN) | 209475 |
| Място на издаване | София |
| Име на издателя | Фют |
| Година на издаване | 2024 |
| 300 ## - Физическа характеристика | |
| Брой страници | 12 с. |
| Илюстрации | с цв. ил. |
| Размер | 15 см |
| 380 ## - Жанр | |
| Жанр | Детска худож. лит. |
| 490 ## - СЕРИИ (Колекции) | |
| 9 (RLIN) | 496901 |
| Серия | Приятели от фермата |
| 500 ## - Общи забележки | |
| Обща забележка | Ориг. загл.: Cuddly Cow. - Пълното име на прев. Мария Донева Петрова |
| 700 ## - Други автори (авторска отговорност) | |
| Друг автор | Донева, Мария |
| Пълното име на др. автор | Петрова, Мария Донева |
| Дати, свързани с автора | 1974- |
| Друга информация | Поетеса, детска писателка. |
| 9 (RLIN) | 365115 |
| 852 ## - Местоположение | |
| Отдел | Детски отдел |
| Систематично-азбучна сигнатура | 821-93/Ш 59 А |
| 856 ## - Електронен адрес и достъп | |
| Инструкция (цена за достъп) | 0.00 |
| Права за достъп | disable |
| 942 ## - АРТИКУЛИ | |
| Вид на библиотечния документ | Книги |
| Скрит в OPAC | Не |
| Koha issues (borrowed), all copies | 13 |
| 944 ## - СЪЗДАВАНЕ И РЕДАКЦИЯ на ЗАПИСА | |
| Дата на регистрацията/редакция | 2025 |
| Служител, извършил регистрацията/редакцията | 30537 |
| Номер на служител | Грета Цуфелде |
| 999 ## - СИСТЕМНИ КОНТРОЛНИ НОМЕРА | |
| Koha biblionumber | 525034 |
| Koha biblioitemnumber | 525034 |
| Код за отписване | Код за изгубен артикул | Източник на класификационната схема | Код за повреда | Код за отдаване | Артикулен № | Име на библиотеката - собственик | Име на библиотеката, в която се намира в момента | Статус (Текущо местоположение) | Дата на вписване в системата | Местоположение - отдел | Цена в лева | Инвентарен номер | Систематично азбучна сигнатура | Баркод | Цена в евро | Служебен тип на артикула |
|---|---|---|---|---|---|---|---|---|---|---|---|---|---|---|---|---|
| Не е изгубен | Universal Decimal Classification | Не е повреден | заемане за дома | 959800 | Регионална библиотека "Любен Каравелов" Русе | Регионална библиотека "Любен Каравелов" Русе | Детски отдел | 2025-01-29 | Детски отдел | 8.77 | 120000917412 | 821-93/Ш 59 А | 120000917412 | 4.48 | Книги | |
| Не е изгубен | Universal Decimal Classification | Не е повреден | заемане за дома | 959801 | Регионална библиотека "Любен Каравелов" Русе | Регионална библиотека "Любен Каравелов" Русе | Детски отдел | 2025-01-29 | Детски отдел | 8.77 | 120000917413 | 821-93/Ш 59 А | 120000917413 | 4.48 | Книги | |
| Не е изгубен | Universal Decimal Classification | Не е повреден | заемане за дома | 959802 | Регионална библиотека "Любен Каравелов" Русе | Регионална библиотека "Любен Каравелов" Русе | Детски отдел | 2025-01-29 | Детски отдел | 8.77 | 120000917414 | 821-93/Ш 59 А | 120000917414 | 4.48 | Книги |